| 000 | 00688nam a22002057a 4500 | ||
|---|---|---|---|
| 005 | 20230327113508.0 | ||
| 008 | 230327b ||||| |||| 00| 0 eng d | ||
| 020 | _a9781484256862 | ||
| 040 | _cAIMIT LIBRARY | ||
| 082 |
_21 _a658.4092 _bHERE |
||
| 100 |
_aHernandez, Eleazar. _978298 |
||
| 245 |
_aLeading creative teams : _bmanagement career paths for designers developers and copywriters / _cBy Eleazar Hernandez. |
||
| 250 | _a1st ed. | ||
| 260 |
_aUSA _bApress _c2022 |
||
| 300 |
_axvii,223p. ; _bPB _c23cm |
||
| 650 |
_aLeading a creative team _978299 |
||
| 650 |
_aThe art of the critique _978300 |
||
| 650 |
_aInvest in your people _978301 |
||
| 942 |
_2ddc _cBK _e1st _k658.4092 HERE |
||
| 999 |
_c227082 _d227082 |
||